000 00176 a2200097 4500
020 _a8424321901
041 _aspa
100 _aRicardo Sanchez
245 _aNumeros
942 _cK
999 _c28695
_d28695